La brucelosis humana (fiebre de Malta-enfermedad de Bang) / (Record no. 117578)

MARC details
000 -LEADER
campo de control de longitud fija 00717nam a2200217 i 4500
001 - NÚMERO DE CONTROL
campo de control 117578
003 - IDENTIFICADOR DE NÚMERO DE CONTROL
campo de control ES-MaACL
005 - FECHA Y HORA DE LA ÚLTIMA TRANSACCIÓN
campo de control 20250801063033.0
007 - CAMPO FIJO DE DESCRIPCIÓN FÍSICA--INFORMACIÓN GENERAL
campo de control de longitud fija t|
008 - DATOS DE LONGITUD FIJA--INFORMACIÓN GENERAL
campo de control de longitud fija 070214s1944 sp r ||||1| spa d
100 1# - ENTRADA PRINCIPAL--NOMBRE DE PERSONA
Nombre de persona Pedro Pons, A.,
Fechas asociadas al nombre 1898-1971
9 (RLIN) 89929
245 13 - MENCIÓN DEL TÍTULO
Título La brucelosis humana (fiebre de Malta-enfermedad de Bang) /
Mención de responsabilidad, etc. Prof. A. Pedro Pons y Dr. P. Farreras Valentí.
260 ## - PUBLICACIÓN, DISTRIBUCIÓN, ETC.
Lugar de publicación, distribución, etc. Barcelona :
Nombre del editor, distribuidor, etc. Salvat,
Fecha de publicación, distribución, etc. 1944.
300 ## - DESCRIPCIÓN FÍSICA
Extensión 251 p. ;
Dimensiones 23 cm.
490 1# - MENCIÓN DE SERIE
Mención de serie Manuales de medicina práctica
650 #4 - PUNTO DE ACCESO ADICIONAL DE MATERIA--TÉRMINO DE MATERIA
Término de materia o nombre geográfico como elemento de entrada Bruceliasis.
9 (RLIN) 147045
700 1# - ENTRADA AGREGADA--NOMBRE PERSONAL
Nombre de persona Ferreras Valentí, P.
9 (RLIN) 50532
830 0# - PUNTO DE ACCESO ADICIONAL DE SERIE-TÍTULO UNIFORME
Título uniforme Manuales de medicina práctica
9 (RLIN) 181070
852 ## - LOCALIZACIÓN
Ubicación ES-MaACL
Número de control de estantería E-865
Sublocalización o colección R.20745
Holdings
Estatus retirado Estado de pérdida Estado de daño No para préstamo Biblioteca de origen Biblioteca actual Ubicación en estantería Fecha de adquisición Fuente de adquisición Total de préstamos Signatura topográfica completa Código de barras Visto por última vez Precio de reemplazo Tipo de ítem Koha
        Biblioteca del Ateneo de Madrid Biblioteca del Ateneo de Madrid Depósito 2 17/01/2008     E-865 1122583 23/02/2023 23/02/2023 Libro impreso